[Event "Guillermo Garcia 2005 Premier I"]
[Site "?"]
[Date "2005.05.25"]
[Round "5"]
[White "Leon, Manuel"]
[Black "Perez, Luis Manuel"]
[Result "1/2-1/2"]
[WhiteElo "2376"]
[BlackElo "2420"]
[PlyCount "241"]
[SourceDate "2005.05.21"]

1. e4 c5 2. Nf3 e6 3. d4 cxd4 4. Nxd4 Nf6 5. Nc3 Nc6 6. Nxc6 bxc6 7. e5 Nd5 8.
Ne4 f5 9. exf6 Nxf6 10. Nd6+ Bxd6 11. Qxd6 Ba6 12. c4 Qb6 13. Bd3 Bxc4 14. O-O
Bxd3 15. Qxd3 O-O 16. b3 Qb5 17. Qc2 Qf5 18. Qxf5 exf5 19. Rd1 Rfe8 20. Kf1 Nd5
21. Bb2 Reb8 22. Rd2 a5 23. Be5 Rb5 24. Bd6 Re8 25. Rc1 Re6 26. Bc5 Kf7 27. g3
g5 28. Kg2 h5 29. Bd4 Re4 30. h3 a4 31. f3 Re8 32. bxa4 Ra5 33. Rb1 Rxa4 34.
Rb7 Rd8 35. Kf2 Kg6 36. Bc5 h4 37. Bd4 hxg3+ 38. Kxg3 f4+ 39. Kf2 Kf5 40. Bg7
Rda8 41. Rxd7 Rxa2 42. Rxa2 Rxa2+ 43. Kg1 Re2 44. Bd4 Re7 45. Rd6 Re6 46. Rd8
Ne7 47. Kf2 Rh6 48. Kg2 Ke6 49. Bc5 Nf5 50. Rg8 Nh4+ 51. Kf2 Ng6 52. Bd4 Kf5
53. Kg2 Rh7 54. Rd8 Re7 55. Kf2 Ke6 56. Rg8 Kf5 57. Ra8 Rd7 58. Ra4 Rd5 59. Rc4
Nh4 60. Ke2 Rd6 61. Rc5+ Kg6 62. Bc3 Re6+ 63. Kf2 Re3 64. Rxc6+ Kh5 65. Bf6
Rxf3+ 66. Ke2 Rxh3 67. Rc5 Rg3 68. Bd8 Ng6 69. Kf2 Nf8 70. Re5 Kg6 71. Re8 Kf7
72. Re7+ Kg6 73. Re8 Nh7 74. Re6+ Kf5 75. Rh6 Rd3 76. Be7 Rd2+ 77. Ke1 Rd7 78.
Rxh7 Kg6 79. Bxg5 Rxh7 80. Bxf4 Kf5 81. Bd6 Rf7 82. Ke2 Ke4 83. Bh2 Rf3 84. Bg1
Rf5 85. Bh2 Rh5 86. Bd6 Rh6 87. Bg3 Rg6 88. Kf2 Rg8 89. Bh2 Rg6 90. Bg3 Rg7 91.
Bh2 Rb7 92. Bd6 Rd7 93. Bb8 Rd2+ 94. Kg3 Rd8 95. Bc7 Ra8 96. Bd6 Rc8 97. Kg2
Ke3 98. Be5 Rc5 99. Bb8 Ra5 100. Bc7 Ra6 101. Be5 Re6 102. Bb8 Re7 103. Bd6
Rg7+ 104. Kh1 Rg5 105. Bc7 Rg6 106. Bb8 Rg7 107. Bd6 Kf3 108. Be5 Rd7 109. Bb8
Kf2 110. Be5 Rh7+ 111. Bh2 Rd7 112. Be5 Rd3 113. Bc7 Rb3 114. Bd6 Rd3 115. Bc7
Rd7 116. Be5 Rd1+ 117. Kh2 Rd5 118. Bg3+ Kf3 119. Bc7 Rd7 120. Be5 Rd2+ 121.
Kh1 1/2-1/2

[Event "Guillermo Garcia 2005 Premier I"]
[Site "?"]
[Date "2005.05.25"]
[Round "5"]
[White "Galego, Luis"]
[Black "Mosquera, Miguel"]
[Result "1/2-1/2"]
[WhiteElo "2493"]
[BlackElo "2434"]
[PlyCount "130"]
[SourceDate "2005.05.21"]

1. c4 e5 2. g3 Nf6 3. Bg2 d5 4. cxd5 Nxd5 5. Nf3 Nc6 6. d3 Be7 7. O-O Be6 8.
Nc3 Qd7 9. Nxd5 Bxd5 10. Qa4 f6 11. Be3 O-O 12. Rfc1 Rfd8 13. Nd2 f5 14. Bxd5+
Qxd5 15. Qc4 Qxc4 16. Rxc4 Rd5 17. f3 Rad8 18. a3 a5 19. Rac1 Rb5 20. R1c2 Kf7
21. Kf1 h5 22. Nb1 Rbd5 23. Nc3 R5d7 24. Nb5 Rc8 25. f4 exf4 26. Bxf4 g5 27.
Bd2 Rh8 28. Kg2 Bf6 29. Rc5 Kg6 30. Be1 Re8 31. Bf2 g4 32. Kf1 Re5 33. b3 Rxc5
34. Rxc5 Be7 35. Rc4 Bd8 36. Be3 Ne7 37. Bf2 c6 38. Nd4 Kf6 39. a4 Bc7 40. Nc2
h4 41. b4 axb4 42. Rxb4 Ba5 43. Rb3 h3 44. Ne3 Ke6 45. Nc4 Bd8 46. Bb6 Bxb6 47.
Nxb6 Rd8 48. Kf2 Kd6 49. Nc4+ Kc7 50. a5 Nd5 51. Ra3 Nb4 52. Ne3 Rf8 53. Ra4 c5
54. Ra1 Kc6 55. Nc4 Nd5 56. Rb1 Re8 57. Rb2 Re6 58. Rb3 Re7 59. Rb2 Re6 60. Rc2
Nb4 61. Rc1 Na2 62. Rc2 Nb4 63. Rb2 Nd5 64. Rb3 Re7 65. Rb2 Re6 1/2-1/2